000 00475cam a22001217a 4500
008 180718b1975 xxu||||| |||| 00| 0 eng d
082 _aA81x54 In2/71/1/Mon-2/Pt 1
100 _aCensus of India 1971
245 _aGrammatical sketches of Indian languages with comparative vocabulary and texts
260 _aDelhi
_bThe Controller of Publications
_c1975
300 _a563+p.
440 _aCensus of India 1971. Series-1, Lanaguage Monograph (1961 Series). Monograph No. 2 (Part I)
999 _c484821
_d484821